000
00246nam a2200097Ia 4500
001
658111
005
20250826154629.0
008
250824s9999 xx 000 0 und d
245
0
_a
13 Şimşek Perisi Şule
_c
DAISY MEADOWS
260
_b
BEYAZ BALİNA
999
_c
658111
_d
658111